[Event "4NCL 2012-13"]
[Site "Sunningdale ENG"]
[Date "2012.11.03"]
[Round "1.141"]
[White "Roberson, Peter T"]
[Black "Hawkins, Jonathan"]
[Result "1/2-1/2"]
[WhiteTitle "FM"]
[BlackTitle "IM"]
[WhiteElo "2357"]
[BlackElo "2511"]
[WhiteTeam "Sambuca Sharks & Sons of Anarchy"]
[BlackTeam "Cheddleton"]
[WhiteFideId "412384"]
[BlackFideId "412686"]
[EventDate "2012.11.03"]

1. e4 e5 2. Nf3 Nc6 3. Bb5 a6 4. Ba4 Nf6 5. O-O Be7 6. Bxc6 dxc6 7. Qe1 Be6 8.
b3 Nd7 9. Bb2 f6 10. d4 Bd6 11. Nbd2 O-O 12. Rd1 1/2-1/2

[Event "4NCL 2012-13"]
[Site "Sunningdale ENG"]
[Date "2012.11.03"]
[Round "1.143"]
[White "Sreeves, Clement"]
[Black "Rodriguez Guerrero, Enrique"]
[Result "1-0"]
[BlackTitle "GM"]
[WhiteElo "2223"]
[BlackElo "2450"]
[WhiteTeam "Sambuca Sharks & Sons of Anarchy"]
[BlackTeam "Cheddleton"]
[WhiteFideId "2402564"]
[BlackFideId "2216892"]
[EventDate "2012.11.03"]

1. e4 c5 2. Nf3 Nc6 3. Nc3 e5 4. Bc4 Be7 5. d3 d6 6. O-O Nf6 7. h3 O-O 8. a3 Rb8
9. b4 cxb4 10. axb4 Nxb4 11. Rxa7 Na6 12. Be3 Be6 13. Bxe6 fxe6 14. Qb1 d5 15.
exd5 exd5 16. Qb3 Kh8 17. d4 e4 18. Ne5 Bb4 19. Na4 Qc7 20. Rb1 Bd6 21. g3 Qc8
22. Kg2 Nb4 23. Bf4 Qe6 24. Nc5 Bxc5 25. dxc5 Na6 26. Qc3 Rbc8 27. c6 Nb8 28.
Rbxb7 Nxc6 29. Nxc6 Rxc6 30. Qb4 Rg8 31. Re7 Qc8 32. Qd4 Qf8 33. c3 h5 34. Re5
Qc8 35. Rg5 Qe6 36. Be5 Qe8 37. Rgxg7 Rxg7 38. Bxf6 Rxf6 39. Qxf6 Qg8 1-0

[Event "4NCL 2012-13"]
[Site "Sunningdale ENG"]
[Date "2012.11.03"]
[Round "1.144"]
[White "Colovic, Aleksandar"]
[Black "Williams, Samuel G"]
[Result "1-0"]
[WhiteTitle "IM"]
[WhiteElo "2447"]
[BlackElo "2253"]
[WhiteTeam "Cheddleton"]
[BlackTeam "Sambuca Sharks & Sons of Anarchy"]
[WhiteFideId "15000729"]
[BlackFideId "410977"]
[EventDate "2012.11.03"]

1. d4 Nf6 2. c4 g6 3. Nc3 d5 4. cxd5 Nxd5 5. Bd2 Nb6 6. Nf3 Bg7 7. e3 Nc6 8. Bb5
O-O 9. O-O e5 10. Bxc6 bxc6 11. Nxe5 c5 12. Ne2 Ba6 13. Re1 cxd4 14. exd4 Bxe2
15. Qxe2 Qxd4 16. Bc3 Qc5 17. Nd3 Qb5 18. Bxg7 Kxg7 19. Qe5+ Qxe5 20. Nxe5 Rad8
21. Nc6 Rd2 22. b3 a5 23. a4 Ra8 24. Red1 Rb2 25. Rab1 Rxb1 26. Rxb1 Ra6 27. Rc1
Nd7 28. f4 Kf6 29. Kf2 Nf8 30. Nd4 Rd6 31. Ke3 Ne6 32. Nb5 Rb6 33. Rc3 h6 34. g3
h5 35. Kd3 h4 36. Kc2 hxg3 37. hxg3 c6 38. Nd6 Nd4+ 39. Kb2 Ke6 40. Nc4 Ra6 41.
Re3+ Kf5 42. Kc3 Ne6 43. Nd6+ Kf6 44. Re5 Nc7 45. Kc4 Rb6 46. Ne4+ Kg7 47. Rxa5
Nd5 48. Nd2 1-0

[Event "4NCL 2012-13"]
[Site "Sunningdale ENG"]
[Date "2012.11.03"]
[Round "1.145"]
[White "Edwards, Jonathan"]
[Black "Eggleston, David J"]
[Result "1/2-1/2"]
[BlackTitle "FM"]
[WhiteElo "2076"]
[BlackElo "2337"]
[WhiteTeam "Sambuca Sharks & Sons of Anarchy"]
[BlackTeam "Cheddleton"]
[WhiteFideId "2402912"]
[BlackFideId "412120"]
[EventDate "2012.11.03"]

1. e4 c5 2. Nf3 d6 3. d4 cxd4 4. Nxd4 Nf6 5. Nc3 a6 6. Bg5 Nbd7 7. f4 Qc7 8. Qf3
h6 9. Bxf6 Nxf6 10. f5 Qc5 11. O-O-O g5 12. fxg6 Bg4 13. gxf7+ Kxf7 14. Qd3 Bxd1
15. Nxd1 Bg7 16. g3 e6 17. Bh3 Rhe8 18. Rf1 Re7 19. Ne3 Rae8 20. Ng2 b5 21. Nf4
e5 22. Nd5 Qxd4 23. Qf3 Kg8 24. Nxf6+ Bxf6 25. Qxf6 Qxe4 26. Qxd6 Qe3+ 27. Kb1
Qg5 28. Rf5 Qg7 29. Rf6 e4 30. Rg6 e3 31. Rxg7+ Kxg7 32. Bg4 e2 33. Bxe2 Rxe2
34. b3 R8e6 35. Qd4+ Kg6 36. h4 R2e4 37. Qd5 R4e5 38. Qf3 h5 39. g4 hxg4 40.
Qxg4+ Kh6 41. Kb2 Rf6 42. a4 Rc5 43. Ka3 1/2-1/2

[Event "4NCL 2012-13"]
[Site "Sunningdale ENG"]
[Date "2012.11.03"]
[Round "1.146"]
[White "Radovanovic, Jovica"]
[Black "Purton, Ben J"]
[Result "1-0"]
[WhiteTitle "FM"]
[WhiteElo "2359"]
[BlackElo "2136"]
[WhiteTeam "Cheddleton"]
[BlackTeam "Sambuca Sharks & Sons of Anarchy"]
[WhiteFideId "915912"]
[BlackFideId "411132"]
[EventDate "2012.11.03"]

1. Nf3 Nf6 2. g3 g6 3. Bg2 Bg7 4. c4 O-O 5. O-O c5 6. Nc3 Nc6 7. d3 d6 8. Rb1
Bd7 9. a3 Qc8 10. Re1 Ng4 11. Bd2 Nge5 12. Nxe5 Bxe5 13. b4 cxb4 14. axb4 Rb8
15. b5 Nd8 16. Nd5 Re8 17. Bg5 Kf8 18. Ra1 Qc5 19. Be3 Bd4 20. Bxd4 Qxd4 21. Nc7
Ne6 22. Nxe8 1-0

[Event "4NCL 2012-13"]
[Site "Sunningdale ENG"]
[Date "2012.11.03"]
[Round "1.147"]
[White "Varnam, Liam D"]
[Black "Bellin, Robert"]
[Result "1/2-1/2"]
[BlackTitle "IM"]
[WhiteElo "2140"]
[BlackElo "2355"]
[WhiteTeam "Sambuca Sharks & Sons of Anarchy"]
[BlackTeam "Cheddleton"]
[WhiteFideId "410950"]
[BlackFideId "400343"]
[EventDate "2012.11.03"]

1. e4 c5 2. Nf3 d6 3. d4 cxd4 4. Nxd4 Nf6 5. Nc3 Nc6 6. Bg5 e6 7. Qd2 a6 8.
O-O-O Bd7 9. f3 Be7 10. h4 h6 11. Be3 h5 12. Bg5 Rc8 13. Nxc6 Bxc6 14. Bd3 b5
15. Kb1 Qb6 16. Ne2 e5 17. Ng3 g6 18. Rhf1 Qa7 19. c3 Nh7 20. f4 Nxg5 21. fxg5
O-O 1/2-1/2

[Event "4NCL 2012-13"]
[Site "Sunningdale ENG"]
[Date "2012.11.03"]
[Round "1.148"]
[White "Steil-Antoni, Fiona"]
[Black "York-Andersen, Anna"]
[Result "1-0"]
[WhiteTitle "WIM"]
[WhiteElo "2169"]
[BlackElo "1813"]
[WhiteTeam "Cheddleton"]
[BlackTeam "Sambuca Sharks & Sons of Anarchy"]
[WhiteFideId "4001249"]
[BlackFideId "416789"]
[EventDate "2012.11.03"]

1. e4 c6 2. d4 d5 3. exd5 cxd5 4. Bd3 Nc6 5. c3 Nf6 6. h3 e6 7. Nf3 Bd6 8. O-O
h6 9. Nbd2 O-O 10. Re1 Qc7 11. Nf1 b6 12. Bb1 Ba6 13. Ne3 Bf4 14. Qc2 Bxe3 15.
Rxe3 Rac8 16. Re1 Nb4 17. Qa4 Nd3 18. Qxa6 Nxe1 19. Nxe1 e5 20. dxe5 Qxe5 21.
Nf3 Qc7 22. Qd3 Rfe8 23. Be3 Ne4 24. Bc2 Qc4 25. Nd4 Qxd3 26. Bxd3 Rc7 27. Rd1
Rce7 28. Nf5 Re5 29. g4 Kh7 30. Bd4 1-0

[Event "4NCL 2012-13"]
[Site "Sunningdale ENG"]
[Date "2012.11.04"]
[Round "2.111"]
[White "Slavin, Alexey"]
[Black "Howell, David W L"]
[Result "1/2-1/2"]
[WhiteTitle "IM"]
[BlackTitle "GM"]
[WhiteElo "2397"]
[BlackElo "2634"]
[WhiteTeam "e2e4.org.uk"]
[BlackTeam "Wood Green, Hilsmark Kingfisher"]
[WhiteFideId "24104388"]
[BlackFideId "410608"]
[EventDate "2012.11.03"]

1. d4 Nf6 2. c4 g6 3. Nc3 d5 4. cxd5 Nxd5 5. e4 Nxc3 6. bxc3 Bg7 7. Nf3 c5 8.
Rb1 O-O 9. Be2 b6 10. O-O Qc7 11. Bg5 Nc6 12. Qd2 Bg4 13. d5 Na5 14. Bf4 Qc8 15.
Ne5 Bxe2 16. Qxe2 e6 17. Rbd1 Rd8 18. d6 Qb7 19. Nf3 f6 20. e5 f5 21. Rfe1 Rd7
22. h4 h6 23. Qd2 Nc4 24. Qc1 Kh7 25. h5 gxh5 26. Qc2 Rg8 27. Nh4 Bf8 28. g3
Rdg7 29. Nxf5 exf5 30. Qxf5+ Kh8 31. e6 h4 32. Qe4 Nxd6 33. Bxd6 Qxe4 34. Rxe4
hxg3 35. f4 Bxd6 36. Rxd6 Re7 37. f5 Rf8 38. Rd7 Ree8 39. Re5 Rf6 40. e7 Kg8 41.
Kg2 a6 1/2-1/2

[Event "4NCL 2012-13"]
[Site "Sunningdale ENG"]
[Date "2012.11.04"]
[Round "2.112"]
[White "Rowson, Jonathan"]
[Black "Panjwani, Raja"]
[Result "1/2-1/2"]
[WhiteTitle "GM"]
[BlackTitle "IM"]
[WhiteElo "2586"]
[BlackElo "2402"]
[WhiteTeam "Wood Green, Hilsmark Kingfisher"]
[BlackTeam "e2e4.org.uk"]
[WhiteFideId "2400561"]
[BlackFideId "2604493"]
[EventDate "2012.11.03"]

1. Nf3 c5 2. e4 Nc6 3. Bb5 d6 4. O-O Bd7 5. Re1 Nf6 6. h3 Ne5 7. a4 Nxf3+ 8.
Qxf3 e5 9. d3 Be7 10. Bg5 Bc6 11. Nc3 Nd7 12. Bc4 O-O 13. Be3 Kh8 14. g4 Bg5 15.
Bxg5 Qxg5 16. Qe3 h6 17. Rf1 g6 18. f4 exf4 19. Qxf4 Ne5 20. Qf6+ Qxf6 21. Rxf6
Nxc4 22. dxc4 Rae8 23. Re1 Re6 24. Rxe6 fxe6 25. Rd1 Rd8 26. b3 Rd7 27. Kf2 Kg7
28. Ke3 Kf6 29. h4 Rf7 30. Rf1+ Ke7 31. Rxf7+ Kxf7 32. g5 hxg5 33. hxg5 a5 34.
Kf4 e5+ 35. Ke3 Ke7 36. Kd3 Kd8 37. Nd1 Bd7 38. Ne3 Be6 39. Kc3 Kd7 40. Kd3 Kc7
41. Nd5+ Bxd5 42. cxd5 Kb6 43. Kc3 Ka6 44. Kc4 Kb6 45. Kd3 1/2-1/2

[Event "4NCL 2012-13"]
[Site "Sunningdale ENG"]
[Date "2012.11.04"]
[Round "2.113"]
[White "Sowray, Peter J"]
[Black "Pert, Nicholas"]
[Result "1/2-1/2"]
[WhiteTitle "FM"]
[BlackTitle "GM"]
[WhiteElo "2362"]
[BlackElo "2557"]
[WhiteTeam "e2e4.org.uk"]
[BlackTeam "Wood Green, Hilsmark Kingfisher"]
[WhiteFideId "400971"]
[BlackFideId "403989"]
[EventDate "2012.11.03"]

1. d4 d5 2. c4 c6 3. Nf3 Nf6 4. Nc3 dxc4 5. a4 Bf5 6. Ne5 Nbd7 7. Nxc4 Nb6 8.
Ne5 a5 9. Bg5 h6 10. Bh4 g6 11. f3 Bg7 12. e4 Be6 13. Bf2 O-O 14. Be2 Nbd7 15.
Nd3 Bc4 16. O-O Qb8 17. Qc2 Rd8 18. Rad1 Nf8 19. Ne5 Bxe2 20. Nxe2 e6 21. Qb3
N8d7 22. Nd3 Qc7 23. Bg3 Qc8 24. Rc1 Nh5 25. Bf2 Qb8 26. Rfd1 Bf8 27. g4 Ng7 28.
Be3 Kh7 29. Qc3 Re8 30. Qd2 h5 31. Bf4 Bd6 32. e5 Be7 33. Ng3 hxg4 34. fxg4 Rh8
35. Ne4 Qd8 36. Rf1 Kg8 37. Qf2 Ne8 38. Bg5 Rh7 39. h4 Nc7 40. Nf4 Nd5 41. Nxd5
exd5 42. Bxe7 Qxe7 43. Ng5 Rg7 44. Rc3 c5 45. dxc5 Rf8 46. Qd4 Qxe5 47. Rd1 Re8
48. Qxd5 Qxd5 49. Rxd5 f6 50. Nf3 Re4 51. g5 fxg5 52. hxg5 Rxa4 53. Rcd3 Rg4+
54. Kf2 Nf8 55. R3d4 Rxd4 56. Nxd4 Re7 1/2-1/2

[Event "4NCL 2012-13"]
[Site "Sunningdale ENG"]
[Date "2012.11.04"]
[Round "2.115"]
[White "Willmoth, Robert F"]
[Black "Lalic, Bogdan"]
[Result "1/2-1/2"]
[BlackTitle "GM"]
[WhiteElo "2164"]
[BlackElo "2499"]
[WhiteTeam "e2e4.org.uk"]
[BlackTeam "Wood Green, Hilsmark Kingfisher"]
[WhiteFideId "402540"]
[BlackFideId "409081"]
[EventDate "2012.11.03"]

1. Nf3 d5 2. b3 Bg4 3. Bb2 Bxf3 4. exf3 Nf6 5. g3 Nbd7 6. f4 g6 7. Bg2 c6 8. d3
Bg7 9. Nd2 O-O 10. O-O Ne8 11. Bxg7 Nxg7 12. Nf3 Re8 13. Qd2 e5 14. fxe5 Nxe5
15. Nxe5 Rxe5 16. Rfe1 Qf6 17. Rxe5 Qxe5 18. d4 Qd6 1/2-1/2

[Event "4NCL 2012-13"]
[Site "Sunningdale ENG"]
[Date "2012.11.04"]
[Round "2.116"]
[White "Ward, Chris G"]
[Black "Byron, Alan M"]
[Result "1/2-1/2"]
[WhiteTitle "GM"]
[WhiteElo "2432"]
[BlackElo "2167"]
[WhiteTeam "Wood Green, Hilsmark Kingfisher"]
[BlackTeam "e2e4.org.uk"]
[WhiteFideId "400203"]
[BlackFideId "401773"]
[EventDate "2012.11.03"]

1. d4 Nf6 2. c4 g6 3. f3 Bg7 4. e4 d6 5. Be3 O-O 6. Ne2 e5 7. Nbc3 c6 8. Qd2
Nbd7 9. O-O-O a6 10. Kb1 b5 11. d5 cxd5 12. Nxd5 Nxd5 13. Qxd5 Nb6 14. Bxb6 Qxb6
15. Qxd6 Qf2 16. Nc3 bxc4 17. Bxc4 Qxg2 18. h4 Ra7 19. h5 Rd7 20. Qc6 Rxd1+ 21.
Rxd1 gxh5 22. Nd5 Kh8 23. Ne7 Bh3 24. Bxa6 Qxf3 25. Qc2 Bg4 26. Rf1 Qe3 27. Nf5
Bxf5 28. exf5 Bf6 29. Qd3 1/2-1/2

[Event "4NCL 2012-13"]
[Site "Sunningdale ENG"]
[Date "2012.11.04"]
[Round "2.117"]
[White "Josse, Mark"]
[Black "Trent, Lawrence"]
[Result "1/2-1/2"]
[BlackTitle "IM"]
[WhiteElo "2147"]
[BlackElo "2429"]
[WhiteTeam "e2e4.org.uk"]
[BlackTeam "Wood Green, Hilsmark Kingfisher"]
[WhiteFideId "414476"]
[BlackFideId "408638"]
[EventDate "2012.11.03"]

1. e4 c5 2. Nc3 Nc6 3. Bb5 Nd4 4. Nf3 Nxb5 5. Nxb5 g6 6. d4 Bg7 7. O-O a6 8. Nc3
cxd4 9. Nxd4 d6 10. Bg5 h6 11. Bh4 Nf6 12. Nd5 Nxd5 13. exd5 Qb6 14. c3 O-O 15.
Qd2 e5 16. dxe6 fxe6 17. Nb3 g5 18. Bg3 e5 19. Rad1 Rf6 20. h4 gxh4 21. Bxh4 Rg6
22. Qd5+ Kh7 23. Kh1 Bd7 24. Na5 Rf8 25. Nc4 Qc7 26. Ne3 Bc6 27. Qd2 Qf7 28. c4
b5 29. b3 Bh8 30. Nd5 bxc4 31. bxc4 Qf5 32. Bg3 Rf7 33. Kg1 h5 34. Ne3 Qg5 35.
Nd5 Qf5 36. Ne3 Qe6 37. Kh2 Rfg7 38. Rg1 Ba8 39. Nd5 h4 40. Bxh4 Rh6 41. g3 Rg4
42. f3 Rgg6 43. Qd3 Bf6 44. Qe4 Bxd5 45. cxd5 Qe7 46. Kh3 Qd7+ 47. Kh2 Qe7 48.
Kh3 Qd7+ 49. Kh2 Qa7 50. Rg2 Kg8 51. Rc2 Bxh4 52. gxh4 Qe7 53. Rc4 Rh7 54. Rg1
Rxg1 55. Kxg1 Qa7+ 56. Kg2 Qg7+ 57. Kf1 Qd7 58. Qg4+ Qxg4 59. Rxg4+ Kf8 60. Ra4
Ra7 61. Kf2 Kg7 62. Ke3 Kf6 63. Ke4 Rh7 64. Kd3 a5 65. Ke3 Kf5 66. Rxa5 Rxh4 67.
Ra6 Rh3 68. Rxd6 1/2-1/2

[Event "4NCL 2012-13"]
[Site "Sunningdale ENG"]
[Date "2012.11.04"]
[Round "2.118"]
[White "Arakhamia-Grant, Ketevan"]
[Black "Norinkeviciute, Rasa"]
[Result "1/2-1/2"]
[WhiteTitle "GM"]
[BlackTitle "WFM"]
[WhiteElo "2414"]
[BlackElo "2010"]
[WhiteTeam "Wood Green, Hilsmark Kingfisher"]
[BlackTeam "e2e4.org.uk"]
[WhiteFideId "13600168"]
[BlackFideId "12801925"]
[EventDate "2012.11.03"]

1. e4 c5 2. Nf3 d6 3. d4 cxd4 4. Nxd4 Nf6 5. Nc3 a6 6. Be3 e5 7. Nb3 Be6 8. h3
Nbd7 9. g4 h6 10. Qd2 Qc7 11. f4 exf4 12. Bxf4 Ne5 13. O-O-O O-O-O 14. Nd4 Be7
15. Kb1 Kb8 16. Nf5 g5 17. Be3 Bxf5 18. exf5 d5 19. Qf2 Nc4 20. Bd4 Rhe8 21. Bg2
Qa5 22. Rd3 Qb4 23. b3 Na3+ 24. Kc1 Rc8 25. Re1 Red8 26. Be5+ Ka8 27. Qd4 Nc4
28. bxc4 dxc4 1/2-1/2

[Event "4NCL 2012-13"]
[Site "Sunningdale ENG"]
[Date "2012.11.04"]
[Round "2.121"]
[White "Hawkins, Jonathan"]
[Black "Turner, Matthew J"]
[Result "1/2-1/2"]
[WhiteTitle "IM"]
[BlackTitle "GM"]
[WhiteElo "2511"]
[BlackElo "2504"]
[WhiteTeam "Cheddleton"]
[BlackTeam "Barbican 4NCL"]
[WhiteFideId "412686"]
[BlackFideId "402893"]
[EventDate "2012.11.03"]

1. d4 d5 2. c4 c6 3. Nf3 Nf6 4. Nc3 dxc4 5. a4 Bf5 6. Ne5 Nbd7 7. Nxc4 Nb6 8.
Ne5 e6 9. f3 Nfd7 10. a5 Nxe5 11. axb6 Nd7 12. e4 Bg6 13. Rxa7 Nxb6 14. Rxa8
Qxa8 15. Qb3 Qa5 16. Be2 Qb4 17. Qxb4 Bxb4 18. O-O f5 19. Bf4 O-O 20. Bc7 Na8
21. Be5 Nb6 22. Ra1 Ra8 23. Rxa8+ Nxa8 24. Bd3 Nb6 25. Kf2 Be7 26. Ke3 fxe4 27.
fxe4 Kf7 28. Bc7 Na8 29. Bf4 Nb6 30. g4 c5 31. Nb5 Na4 32. Nd6+ Bxd6 33. Bxd6
Nxb2 34. Bxc5 Nxd3 35. Kxd3 Kf6 36. h4 Be8 37. Bd6 g5 38. Be5+ Kg6 39. h5+ Kf7
40. Ke3 Ba4 41. Ke2 Bc2 42. Kf3 Bd1+ 1/2-1/2

[Event "4NCL 2012-13"]
[Site "Sunningdale ENG"]
[Date "2012.11.04"]
[Round "2.122"]
[White "Parker, Jonathan F"]
[Black "Arkell, Keith C"]
[Result "1-0"]
[WhiteTitle "GM"]
[BlackTitle "GM"]
[WhiteElo "2525"]
[BlackElo "2462"]
[WhiteTeam "Barbican 4NCL"]
[BlackTeam "Cheddleton"]
[WhiteFideId "400580"]
[BlackFideId "400270"]
[EventDate "2012.11.03"]

1. d4 e6 2. c4 Bb4+ 3. Nc3 c5 4. e3 f5 5. Ne2 cxd4 6. exd4 Nf6 7. a3 Be7 8. d5
Ng4 9. h3 Ne5 10. Nd4 O-O 11. Be2 Ng6 12. Ndb5 a6 13. d6 Bg5 14. Nc7 Ra7 15. c5
Nc6 16. O-O Bxc1 17. Qxc1 Nd4 18. f4 b6 19. cxb6 Rb7 20. Qe3 Qf6 21. Rad1 Nxe2+
22. Nxe2 Rb8 23. b4 Bb7 24. Rf2 e5 25. a4 exf4 26. Nxf4 Nxf4 27. Qxf4 Qc3 28. a5
Rf6 29. Qd4 Qg3 30. Nd5 Rxd6 31. Ne7+ Kf7 32. Nxf5 1-0

[Event "4NCL 2012-13"]
[Site "Sunningdale ENG"]
[Date "2012.11.04"]
[Round "2.123"]
[White "Rodriguez Guerrero, Enrique"]
[Black "Cox, John J"]
[Result "1/2-1/2"]
[WhiteTitle "GM"]
[BlackTitle "IM"]
[WhiteElo "2450"]
[BlackElo "2396"]
[WhiteTeam "Cheddleton"]
[BlackTeam "Barbican 4NCL"]
[WhiteFideId "2216892"]
[BlackFideId "401064"]
[EventDate "2012.11.03"]

1. e4 e5 2. Bc4 Nc6 3. Nc3 Nf6 4. d3 Na5 5. Nge2 Bc5 6. O-O h6 7. Ng3 d6 8. h3
O-O 9. Kh1 Be6 10. Bxe6 fxe6 11. Na4 Bb6 12. Nxb6 axb6 13. f4 Nc6 14. c3 Qd7 15.
a3 Rad8 16. Qe2 exf4 17. Bxf4 e5 18. Be3 d5 19. Rad1 dxe4 20. dxe4 Qe6 21. Rde1
Ne7 22. Nf5 Nxf5 23. exf5 Qd5 24. Bg1 e4 25. Rd1 Qf7 26. Rxd8 Rxd8 27. Bd4 Re8
28. Re1 Nh5 29. Kg1 c5 30. Bf2 Qxf5 31. Be3 Nf6 32. Qb5 Qe6 33. b4 cxb4 34. axb4
Nd5 35. Bd4 Qc6 36. Qf1 Qg6 37. Qc4 Qe6 38. Qb5 Kh7 39. Rf1 Re7 40. c4 Nc7 41.
Qxb6 Qxb6 42. Bxb6 Ne8 43. Bc5 Rc7 44. Rc1 Rd7 45. b5 Kg6 46. Bb6 Rd2 47. Be3
Rd3 48. Kf2 Nd6 49. Bf4 Nc8 50. c5 Kf5 51. Bh2 Rd2+ 52. Kf1 e3 53. c6 bxc6 54.
bxc6 Ke4 55. Ra1 Rf2+ 56. Kg1 Rc2 57. c7 g5 58. Bg3 h5 59. Ra4+ Kd3 60. Ra3+ Ke4
61. Ra8 Rc1+ 62. Kh2 h4 63. Bxh4 gxh4 64. Rxc8 e2 65. Re8+ Kd3 66. Rd8+ Ke3 67.
Re8+ Kd3 68. Rd8+ Ke3 1/2-1/2

[Event "4NCL 2012-13"]
[Site "Sunningdale ENG"]
[Date "2012.11.04"]
[Round "2.124"]
[White "D'Costa, Lorin A R"]
[Black "Colovic, Aleksandar"]
[Result "1/2-1/2"]
[WhiteTitle "IM"]
[BlackTitle "IM"]
[WhiteElo "2426"]
[BlackElo "2447"]
[WhiteTeam "Barbican 4NCL"]
[BlackTeam "Cheddleton"]
[WhiteFideId "409219"]
[BlackFideId "15000729"]
[EventDate "2012.11.03"]

1. d4 Nf6 2. c4 e6 3. Nf3 d5 4. g3 dxc4 5. Bg2 Bb4+ 6. Bd2 c5 7. Qc1 O-O 8. O-O
b5 9. a4 Bb7 10. axb5 a6 11. bxa6 Rxa6 12. Rxa6 Bxa6 13. dxc5 Bxc5 14. Nc3 Nbd7
15. Ng5 Nb6 16. Rd1 Qb8 17. Bf4 e5 18. Be3 Qc7 19. Bxc5 Qxc5 20. Qd2 h6 21. Nge4
Nxe4 22. Nxe4 Qb5 23. Ra1 Bc8 24. Ra5 Qd7 25. Qxd7 Bxd7 26. Nc5 Rb8 27. e3 Kf8
28. Bf1 Be8 29. Ra7 Rc8 30. Ne4 Rd8 31. Nc3 Rd2 32. Rb7 Rxb2 33. Nd5 Na4 34. Rc7
Nb6 35. Nxb6 Rxb6 36. Bxc4 Rc6 37. Rxc6 1/2-1/2

[Event "4NCL 2012-13"]
[Site "Sunningdale ENG"]
[Date "2012.11.04"]
[Round "2.125"]
[White "Eggleston, David J"]
[Black "Grafl, Florian"]
[Result "1/2-1/2"]
[WhiteTitle "FM"]
[BlackTitle "IM"]
[WhiteElo "2337"]
[BlackElo "2373"]
[WhiteTeam "Cheddleton"]
[BlackTeam "Barbican 4NCL"]
[WhiteFideId "412120"]
[BlackFideId "4645715"]
[EventDate "2012.11.03"]

1. e4 d5 2. exd5 Qxd5 3. Nf3 Nf6 4. d4 c6 5. Be2 g6 6. O-O Bg7 7. c4 Qd8 8. Nc3
O-O 9. Be3 Na6 10. h3 Bf5 11. Qd2 Nc7 12. Bh6 Ne4 13. Nxe4 Bxe4 14. Bxg7 Kxg7
15. Qe3 Bxf3 16. Bxf3 e6 17. Qe5+ f6 18. Qe3 Rf7 19. Rfd1 Qd6 20. Rd3 Rd7 21.
Rad1 Kf7 22. Rb3 Ne8 23. Qh6 Kg8 24. Qh4 Rf7 25. Re3 Ng7 26. Qe4 Rd7 27. Ree1
Rad8 28. g4 Qb4 29. b3 Qb6 30. Qf4 g5 31. Qxf6 Rf8 32. Qxg5 Rxf3 33. Rxe6 Qd8
34. Qxd8+ Rxd8 35. Re5 Rxh3 36. Re7 Rf3 37. Rxb7 Rf4 38. d5 Rxg4+ 39. Kf1 cxd5
40. cxd5 a6 41. d6 Rg6 42. Rb6 a5 43. Rb5 a4 44. b4 Rgxd6 45. Rxd6 Rxd6 46. Ra5
Rd2 47. Rxa4 Rb2 48. a3 Ne6 49. Kg2 Kf7 50. Kg3 Kf6 51. Ra5 Rb3+ 52. Kg4 Rb1 53.
Ra7 Rg1+ 54. Kh3 h5 55. Kh2 Rb1 56. Rb7 Nd4 57. a4 Rb2 58. Kg3 Nf5+ 59. Kg2 Kg5
60. a5 Ne3+ 61. Kg1 Rb1+ 62. Kh2 Ng4+ 63. Kg3 h4+ 64. Kg2 Rb2 65. Rg7+ Kf5 66.
Kh3 Nxf2+ 67. Kxh4 Rxb4+ 68. Kg3 Ne4+ 69. Kf3 Rb3+ 70. Ke2 Ra3 71. Ra7 Nc5 72.
Kd2 Ke5 73. Ra8 Kd4 74. Rd8+ Kc4 75. Ra8 1/2-1/2

[Event "4NCL 2012-13"]
[Site "Sunningdale ENG"]
[Date "2012.11.04"]
[Round "2.126"]
[White "Ferguson, Mark"]
[Black "Radovanovic, Jovica"]
[Result "1/2-1/2"]
[WhiteTitle "IM"]
[BlackTitle "FM"]
[WhiteElo "2402"]
[BlackElo "2359"]
[WhiteTeam "Barbican 4NCL"]
[BlackTeam "Cheddleton"]
[WhiteFideId "403547"]
[BlackFideId "915912"]
[EventDate "2012.11.03"]

1. e4 c5 2. Nf3 e6 3. b3 Nc6 4. Bb5 Nge7 5. O-O a6 6. Bxc6 Nxc6 7. Bb2 b5 8. c4
bxc4 9. bxc4 Rb8 10. Bc3 Qc7 11. d3 d6 12. Na3 f6 13. Nh4 Ne5 14. f4 Ng6 15. f5
Nxh4 16. Qh5+ Qf7 17. Qxh4 Be7 18. fxe6 Bxe6 19. Nc2 O-O 20. Ne3 f5 21. Qf4 fxe4
22. Qxe4 Qg6 23. Rxf8+ Bxf8 24. Qxg6 1/2-1/2

[Event "4NCL 2012-13"]
[Site "Sunningdale ENG"]
[Date "2012.11.04"]
[Round "2.127"]
[White "Bellin, Robert"]
[Black "Franklin, Samuel G A"]
[Result "0-1"]
[WhiteTitle "IM"]
[BlackTitle "FM"]
[WhiteElo "2355"]
[BlackElo "2322"]
[WhiteTeam "Cheddleton"]
[BlackTeam "Barbican 4NCL"]
[WhiteFideId "400343"]
[BlackFideId "468576"]
[EventDate "2012.11.03"]

1. e4 e5 2. Nf3 Nc6 3. Bb5 a6 4. Ba4 Nf6 5. O-O b5 6. Bb3 Bc5 7. c3 d6 8. d3 h6
9. Nbd2 O-O 10. Re1 Bb6 11. Nf1 Ne7 12. Ng3 Ng6 13. h3 Re8 14. Nh2 c5 15. Qf3
Nh4 16. Qd1 Be6 17. Ng4 Qe7 18. Ne3 Kh7 19. Rf1 Bxb3 20. axb3 Qe6 21. Nh5 Bd8
22. Nxf6+ Bxf6 23. Nd5 Ra7 24. Qh5 Ng6 25. Be3 Ne7 26. Nxf6+ Qxf6 27. f4 exf4
28. Rxf4 Qg6 29. Qf3 Nc6 30. b4 Ne5 31. Qe2 Nd7 32. Raf1 f6 33. Rf5 Re7 34. bxc5
dxc5 35. Qc2 Ne5 36. Qb1 c4 37. d4 Nd3 38. e5 fxe5 39. dxe5 Rxe5 40. Rxe5 Nxe5
41. Bf4 Re7 42. Bxe5 Rxe5 43. Qxg6+ Kxg6 44. Ra1 Re2 0-1

[Event "4NCL 2012-13"]
[Site "Sunningdale ENG"]
[Date "2012.11.04"]
[Round "2.131"]
[White "Holland, James P"]
[Black "Sarakauskas, Gediminas"]
[Result "1/2-1/2"]
[BlackTitle "IM"]
[WhiteElo "2245"]
[BlackElo "2408"]
[WhiteTeam "BCM"]
[BlackTeam "Guildford"]
[WhiteFideId "416835"]
[BlackFideId "12800724"]
[EventDate "2012.11.03"]

1. Nf3 Nf6 2. g3 b6 3. Bg2 Bb7 4. O-O c5 5. c4 e6 6. Nc3 Be7 7. Re1 d6 8. e4 a6
9. b3 Nbd7 10. d4 cxd4 11. Nxd4 Qc7 12. Bb2 O-O 13. Rc1 Rfe8 14. h3 Rac8 15. Qd2
Qb8 16. f4 Bf8 17. Re2 Ba8 18. g4 Nc5 19. Rce1 Red8 20. g5 Nh5 21. Bf3 Nxf4 22.
Qxf4 e5 23. Qd2 exd4 24. Qxd4 d5 25. exd5 Qg3+ 26. Bg2 Nxb3 27. axb3 Bc5 28.
Qxc5 bxc5 29. Re3 Qb8 30. Ne4 Bxd5 31. cxd5 c4 32. Nd2 cxb3 33. Nxb3 Rc2 34. Be5
Rxg2+ 35. Kxg2 Qa8 36. Kh2 Qxd5 37. Nd4 Re8 38. Nf5 Qd7 39. Bc3 Rxe3 40. Rxe3 f6
41. Rf3 fxg5 42. Nxg7 Qd1 43. Kg2 Qc2+ 44. Kg3 Qd1 45. Kg2 Qc2+ 46. Kg3 Qd1 47.
Kg2 1/2-1/2